FRUTICULTURA (Registro nro. 48112)
[ vista simple ]
| 000 -LEADER | |
|---|---|
| fixed length control field | 00961nam a2200193 a 4500 |
| 001 - CONTROL NUMBER | |
| control field | 48112 |
| 005 - DATE AND TIME OF LATEST TRANSACTION | |
| control field | 20180714032316.0 |
| 008 - FIXED-LENGTH DATA ELEMENTS--GENERAL INFORMATION | |
| fixed length control field | 140415s2004 sp 000 0 spa d |
| 020 ## - INTERNATIONAL STANDARD BOOK NUMBER | |
| International Standard Book Number | 8484762092 |
| 041 ## - LANGUAGE CODE | |
| Language code of text/sound track or separate title | spa |
| 082 ## - DEWEY DECIMAL CLASSIFICATION NUMBER | |
| Classification number | 634 |
| Item number | AGU |
| 100 1# - MAIN ENTRY--PERSONAL NAME | |
| Personal name | AGUSTÍ, MANUEL |
| 245 10 - TITLE STATEMENT | |
| Title | FRUTICULTURA |
| 250 ## - EDITION STATEMENT | |
| Edition statement | 1a ed. |
| 260 ## - PUBLICATION, DISTRIBUTION, ETC. | |
| Place of publication, distribution, etc. | ESPAÑA : |
| Name of publisher, distributor, etc. | EDICIONES MUNDI-PRENSA, |
| Date of publication, distribution, etc. | 2004 |
| 300 ## - PHYSICAL DESCRIPTION | |
| Extent | 167 |
| Dimensions | 17.5 x 2.7 x 24 |
| 520 ## - SUMMARY, ETC. | |
| Summary, etc. | FRUCTICULTURA ES UN TEXTO QUE REVISA EL CULTIVO DE LAS ESPECIES FRUTALES DE ZONAS TEMPLADAS, CON ALGUNA EXTENSION A LAS DE ORIGEN TROPICAL, ATENDIENDO, PRIORITARIAMENTE, A LOS CONCEPTOS BASICOS DEL DESARROLLO DE ESTAS ESPECIES Y SU RELACION CON EL MEDIO AMBIENTE. ASI, TRAS EL ESTUDIO DE SUS CARACTERISTICAS MORFOLOGICAS Y FISIOLOGICAS, LA OBRA ABORDA LA INFLUENCIA DEL CLIMA Y EL SUELO EN SU COMPORTAMIENTO, EL INTERCAMBIO ENERGETICO CON LA ATMOSFERA Y LOS ASPECTOS BASICOS DEL SUELO COMO |
| 650 14 - SUBJECT ADDED ENTRY--TOPICAL TERM | |
| Topical term or geographic name entry element | FRUTICULTURA |
| Withdrawn status | Lost status | Source of classification or shelving scheme | Damaged status | Not for loan | Collection code | Home library | Current library | Shelving location | Date acquired | Source of acquisition | Inventory number | Total Checkouts | Full call number | Barcode | Date last seen | Date last checked out | Price effective from | Koha item type |
|---|---|---|---|---|---|---|---|---|---|---|---|---|---|---|---|---|---|---|
| Dewey Decimal Classification | General | Biblioteca Karol Wojtyla | Biblioteca Karol Wojtyla | Sala general | 03/12/2013 | Compra | 151000000000000000011856 | 5 | 634 AGU | 72022 | 05/01/2026 | 17/10/2023 | 03/12/2013 | Libro |